<?xml version="1.0" encoding="UTF-8"?>
<record
    xmlns:xsi="http://www.w3.org/2001/XMLSchema-instance"
    xsi:schemaLocation="http://www.loc.gov/MARC21/slim http://www.loc.gov/standards/marcxml/schema/MARC21slim.xsd"
    xmlns="http://www.loc.gov/MARC21/slim">

  <leader>02313cam a22003014i 4500</leader>
  <datafield tag="999" ind1=" " ind2=" ">
    <subfield code="c">7341</subfield>
    <subfield code="d">7341</subfield>
  </datafield>
  <controlfield tag="001">.b75168765</controlfield>
  <controlfield tag="003">OSt</controlfield>
  <controlfield tag="005">20210423103256.0</controlfield>
  <controlfield tag="008">210323s2021    sp a     b    001 0 spa  </controlfield>
  <datafield tag="017" ind1=" " ind2=" ">
    <subfield code="a">DL 2907-2021</subfield>
    <subfield code="b">Oficina Dep&#xF3;sito Legal Madrid</subfield>
  </datafield>
  <datafield tag="020" ind1=" " ind2=" ">
    <subfield code="a">9788417678647</subfield>
  </datafield>
  <datafield tag="040" ind1=" " ind2=" ">
    <subfield code="a">ES-BaUAB</subfield>
    <subfield code="b">cat</subfield>
    <subfield code="e">rda</subfield>
    <subfield code="c">ES-BaUAB</subfield>
  </datafield>
  <datafield tag="100" ind1="1" ind2=" ">
    <subfield code="a">Morales, Agus,</subfield>
    <subfield code="d">1983-</subfield>
    <subfield code="e">autor</subfield>
  </datafield>
  <datafield tag="245" ind1="1" ind2="0">
    <subfield code="a">Cuando todo se derrumba /</subfield>
    <subfield code="c">Agus Morales ; con fotos de Anna Surinyach</subfield>
  </datafield>
  <datafield tag="264" ind1=" " ind2="1">
    <subfield code="a">Madrid :</subfield>
    <subfield code="b">Libros del KO,</subfield>
    <subfield code="c">2021</subfield>
  </datafield>
  <datafield tag="300" ind1=" " ind2=" ">
    <subfield code="a">263 p&#xE0;gines :</subfield>
    <subfield code="b">il&#xB7;lustracions ;</subfield>
    <subfield code="c">22 cm</subfield>
  </datafield>
  <datafield tag="336" ind1=" " ind2=" ">
    <subfield code="a">text</subfield>
    <subfield code="b">txt</subfield>
    <subfield code="2">rdacontent</subfield>
  </datafield>
  <datafield tag="337" ind1=" " ind2=" ">
    <subfield code="a">sense mediaci&#xF3;</subfield>
    <subfield code="b">n</subfield>
    <subfield code="2">rdamedia</subfield>
  </datafield>
  <datafield tag="338" ind1=" " ind2=" ">
    <subfield code="a">volum</subfield>
    <subfield code="b">nc</subfield>
    <subfield code="2">rdacarrier</subfield>
  </datafield>
  <datafield tag="520" ind1=" " ind2=" ">
    <subfield code="a">Lo que me llev&#xF3; a escribir este libro no fue contar c&#xF3;mo se vivi&#xF3; el estado de alarma en Espa&#xF1;a a causa de la covid-19 &#x2014;aunque tambi&#xE9;n&#x2014;, tampoco fue describir el trabajo incansable de la gente que se volc&#xF3; en la emergencia &#x2014;aunque tambi&#xE9;n&#x2014;, tampoco fue la cr&#xED;tica a las autoridades &#x2014;aunque tambi&#xE9;n&#x2014;, tampoco fue sensibilizar o crear conciencia o esas cosas que se acostumbran a decir &#x2014;aunque supongo que tambi&#xE9;n&#x2014;, tampoco fue escribir sobre eso que llaman un momento hist&#xF3;rico &#x2014;aunque supongo que tambi&#xE9;n&#x2014;, sino la b&#xFA;squeda de lo universal, la liquidaci&#xF3;n de las ficciones que nos separan. Por decencia o por xenofobia, creemos que no se puede comparar lo que pasa en un pa&#xED;s en teor&#xED;a rico como Espa&#xF1;a con lo que pasa en un pa&#xED;s pobre. No es verdad. La dimensi&#xF3;n es otra: el n&#xFA;mero de muertos, el privilegio, la oportunidad para empezar de nuevo. Pero una emergencia sanitaria era esto. Sea cual sea tu lugar en el mundo, algo te supera, y necesitas ayuda: luego, con tu experiencia del dolor, tambi&#xE9;n podr&#xE1;s ayudar a otros. Me parece que podemos entender tantas cosas de c&#xF3;mo funciona el mundo si entendemos eso primero. Por eso, en este libro, para contar lo que est&#xE1; cerca de m&#xED;, al lado de mi casa, me ir&#xE9; a contar de vez en cuando lo que est&#xE1; m&#xE1;s lejos.</subfield>
  </datafield>
  <datafield tag="650" ind1=" " ind2="4">
    <subfield code="a">Pobresa</subfield>
    <subfield code="z">Espanya</subfield>
    <subfield code="y">2020</subfield>
  </datafield>
  <datafield tag="650" ind1=" " ind2="4">
    <subfield code="a">Marginaci&#xF3; social</subfield>
    <subfield code="z">Espanya</subfield>
    <subfield code="y">2020</subfield>
  </datafield>
  <datafield tag="650" ind1=" " ind2="4">
    <subfield code="a">COVID-19 (Malaltia)</subfield>
    <subfield code="x">Aspectes socials</subfield>
  </datafield>
  <datafield tag="700" ind1="1" ind2=" ">
    <subfield code="a">Surinyach, Anna,</subfield>
    <subfield code="d">1985-</subfield>
    <subfield code="e">fot&#xF2;graf</subfield>
  </datafield>
  <datafield tag="907" ind1=" " ind2=" ">
    <subfield code="a">.b75168765</subfield>
    <subfield code="b">23-03-21</subfield>
    <subfield code="c">23-03-21</subfield>
    <subfield code="d">23-03-21</subfield>
    <subfield code="e">m</subfield>
    <subfield code="f">a  </subfield>
    <subfield code="g">-</subfield>
    <subfield code="h">spa</subfield>
    <subfield code="i">sp </subfield>
    <subfield code="j">0</subfield>
    <subfield code="k">0</subfield>
  </datafield>
  <datafield tag="940" ind1=" " ind2=" ">
    <subfield code="a">UAB</subfield>
  </datafield>
  <datafield tag="942" ind1=" " ind2=" ">
    <subfield code="2">udc</subfield>
    <subfield code="c">MON</subfield>
  </datafield>
  <datafield tag="952" ind1=" " ind2=" ">
    <subfield code="0">0</subfield>
    <subfield code="1">0</subfield>
    <subfield code="4">0</subfield>
    <subfield code="7">0</subfield>
    <subfield code="a">CDMR</subfield>
    <subfield code="b">CDMR</subfield>
    <subfield code="d">2021-04-23</subfield>
    <subfield code="e">Donaci&#xF3;</subfield>
    <subfield code="g">16.00</subfield>
    <subfield code="l">1</subfield>
    <subfield code="o">Dj /102</subfield>
    <subfield code="p">CDMR21040018</subfield>
    <subfield code="r">2021-07-06</subfield>
    <subfield code="s">2021-06-15</subfield>
    <subfield code="w">2021-04-23</subfield>
    <subfield code="y">MON</subfield>
  </datafield>
</record>
